| 000 | 00700nam a22002297a 4500 | ||
|---|---|---|---|
| 005 | 20170124110026.0 | ||
| 010 | _aA-688957 | ||
| 020 |
_c00.00 _a8170224608 |
||
| 035 | _aA-688957 | ||
| 037 | _bCen Lib/Ret | ||
| 040 |
_aDPL _bEN |
||
| 082 |
_a351.722 _bGAN |
||
| 100 |
_aGanguly, S. P _920753 |
||
| 245 |
_aFundamentals of government budgeting in India / _cby S. P. Ganguly _b |
||
| 260 |
_aNew Delhi _bConcept Publishing Company _c1927 |
||
| 270 |
_aA/15-16, Commercial Block, Mohan Garden _bNew Delhi _e110059 |
||
| 300 |
_a179p. _c21cm(Hb) |
||
| 500 | _aIncludes index | ||
| 650 |
_aEconomic policy _93998 |
||
| 650 |
_aBudget _914428 |
||
| 942 |
_2ddc _cEN _h351.722 _mGAN |
||
| 999 |
_c127529 _d127529 |
||